000 00568nam a2200229Ia 4500
003 OSt
005 20220924151957.0
006 a|||||r|||| 00| 0
007 ta
008 220923b |||||||| |||| 00| 0 mar d
024 _a340221
037 _cTextual
040 _aARTS
_cARTS
_bmar
041 _2mar
_amar
082 _aO155,2N05, J4
100 _aKanekar Anant
_9224996
245 0 _aJhoonj
260 _c1954
650 _aMARATHI LITERATURE
_938000
942 _hO155,2N05, J4
_cTEXL
_2CC
999 _c468290
_d468290